| 000 | 00819cam a2200241 i 4500 | ||
|---|---|---|---|
| 999 |
_c200442313 _d60525 |
||
| 003 | TR-AnTOB | ||
| 005 | 20210826155559.0 | ||
| 007 | ta | ||
| 008 | 210727b |||| ||||o00| 0 tur d | ||
| 040 |
_aTR-AnTOB _btur _cTR-AnTOB _erda _dTR-AnTOB |
||
| 041 | 0 | _atur | |
| 050 | _bH | ||
| 099 | _a338.476292 DPT 1985 | ||
| 110 | 2 |
_aDevlet Planlama Teşkilatı (Turkey) _9131299 |
|
| 245 |
_aV. Beş Yıllık Kalkınma Özel ıhtisas Komisyonu raporu: :karayolu _btaşıtları imalat sanayii Özel ıhtisas Komisyonu raporu. _cBaşbakanlık Devlet Planlama Teşkilatı (DPT) |
||
| 264 |
_aAnkara: _bDPT, _c1985. |
||
| 300 |
_a90 pages: _btable _c25 cm |
||
| 336 |
_2rdacontent _atext _btxt |
||
| 337 |
_2rdamedia _aunmediated _bn |
||
| 338 |
_2rdacarrier _avolume _bnc |
||
| 942 |
_2lcc _cBK |
||